00000000nam##2200000za#4500
0019.663754
003CaOODSP
00520200401053833
007co |||||||||||
008150407|2002||||xxc    |q  d f### # fre|d
020 |a0-662-66581-3
040 |aCaOODSP|bfre
041 |aeng
041 |afre
043 |an-cn---
0861 |aH39-597/2002-MRC
1101 |aCanada.|bSanté Canada. |bDirection générale de la santé de la population et de la santé publique.
24510|aPour protéger la santé et assurer la sécurité des Canadiens: le Centre de mesures et d'interventions d'urgence |h[ressource électronique]
260 |aOttawa - Ontario : |bSanté Canada. |c2002.
300 |a1 disque.
7760#|tProtecting the health and safety of Canadians: the Centre for Emergency Preparedness and Response |w(CaOODSP)9.663339
7760#|tProtecting the health and safety of Canadians : |w(CaOODSP)9.695877
7760#|tPour protéger la santé et assurer la sécurité des Canadiens : |w(CaOODSP)9.640000
791 |tProtecting the health and safety of Canadians: the Centre for Emergency Preparedness and Response |eeng|w(CaOODSP)9.663753